[Event "AUTO-MASTER-2398"]
[Site "http://www.queenalice.com/game.php?id=1423565"]
[Date "2016.5.18"]
[Round "2"]
[White "Zugswang"]
[Black "zahe"]
[Result "0-1"]
[WhiteElo "2131"]
[BlackElo "2227"]

1. e4 c5 2. f4 e6 3. Nc3 a6 4. a4 d5 5. e5 Nc6 6. Nf3 Nge7 7. d4 Nf5 8. dxc5
Bxc5 9. g3 O-O 10. Bd3 Nb4 11. Bxf5 exf5 12. Nd4 Bxd4 13. Ne2 Ba7 14. c3 Nc6 15.
Nd4 Nxd4 16. cxd4 Qb6 17. Be3 Qxb2 18. Rb1 Qg2 19. Rg1 Qxh2 20. Qb3 Bd7 21. Rb2
Qh5 22. Qxd5 Bxa4 23. Rd2 Rac8 24. Qh1 Qxh1 25. Rxh1 Rc1+ 26. Kf2 Rxh1 27. d5
Bxe3+ 28. Kxe3 Rc8 29. Kd4 Re1 30. d6 Re4+ 31. Kd5 Bb3# 0-1

[Event "AUTO-MASTER-2398"]
[Site "http://www.queenalice.com/game.php?id=1423566"]
[Date "2016.5.18"]
[Round "2"]
[White "zahe"]
[Black "Zugswang"]
[Result "1-0"]
[WhiteElo "2216"]
[BlackElo "2172"]

1. e4 Nf6 2. e5 Nd5 3. d4 d6 4. Nf3 g6 5. Bc4 c6 6. O-O Bg7 7. Re1 O-O 8. exd6
Qxd6 9. Nbd2 Bg4 10. h3 Bxf3 11. Nxf3 Nd7 12. Bg5 f6 13. Bh4 b5 14. Bb3 a5 15.
Bg3 e5 16. a4 Nb6 17. axb5 cxb5 18. dxe5 fxe5 19. Nxe5 Qc5 20. Nd7 Nxd7 21.
Bxd5+ Kh8 22. Bxa8 Rxa8 23. Qxd7 Bxb2 24. Rxa5 1-0

[Event "AUTO-MASTER-2398"]
[Site "http://www.queenalice.com/game.php?id=1423569"]
[Date "2016.5.18"]
[Round "2"]
[White "zahe"]
[Black "Trex"]
[Result "1-0"]
[WhiteElo "2252"]
[BlackElo "2338"]

1. e4 e5 2. Nf3 Nc6 3. Bb5 a6 4. Ba4 Nf6 5. O-O Be7 6. Re1 b5 7. Bb3 O-O 8. a4
Bb7 9. d3 d6 10. Nbd2 Na5 11. Ba2 c5 12. Nf1 Nc6 13. c3 Nd7 14. Ne3 b4 15. Bd2
a5 16. Nf5 Nb6 17. Bb3 Bc8 18. Nxe7+ Qxe7 19. cxb4 axb4 20. Bd5 Nxd5 21. exd5
Nb8 22. d4 f6 23. Qb3 Kh8 24. dxc5 dxc5 25. Be3 Nd7 26. a5 1-0

[Event "AUTO-MASTER-2398"]
[Site "http://www.queenalice.com/game.php?id=1423570"]
[Date "2016.5.18"]
[Round "2"]
[White "Trex"]
[Black "zahe"]
[Result "0-1"]
[WhiteElo "2354"]
[BlackElo "2236"]

1. d4 Nf6 2. c4 e6 3. g3 Bb4+ 4. Bd2 Bxd2+ 5. Nxd2 O-O 6. Ngf3 d6 7. Bg2 Nc6 8.
O-O e5 9. d5 Nb8 10. e4 Qe7 11. Ne1 a5 12. f4 Na6 13. Nd3 c6 14. fxe5 dxe5 15.
Qe1 Nc5 16. Nf2 Rd8 17. h3 Bd7 18. Qe3 a4 19. b3 axb3 20. axb3 Be8 21. b4 Na6
22. Rfb1 Nxb4 23. Rxa8 Rxa8 24. Qb6 Nc2 25. Qxb7 Qxb7 26. Rxb7 Ne3 0-1

[Event "Challenge"]
[Site "http://www.queenalice.com/game.php?id=1454480"]
[Date "2016.12.12"]
[Round "-"]
[White "chizo"]
[Black "zahe"]
[Result "1-0"]
[WhiteElo "2306"]
[BlackElo "2256"]

1. e4 e6 2. d4 Qh4 3. Nc3 Bb4 4. Bd3 Nc6 5. Nf3 Qg4 6. O-O a6 7. Ne2 b5 8. c3
Be7 9. Nf4 Bb7 10. h3 Qh5 11. Nxh5 Bf8 12. Bf4 g6 13. d5 Nce7 14. dxe6 gxh5 15.
exd7+ Kxd7 16. Bxb5+ Ke6 17. Qd7+ Kf6 18. Qd4+ Kg6 19. Nh4# 1-0

[Event "Challenge"]
[Site "http://www.queenalice.com/game.php?id=1454481"]
[Date "2016.12.12"]
[Round "-"]
[White "zahe"]
[Black "chizo"]
[Result "0-1"]
[WhiteElo "2267"]
[BlackElo "2295"]

1. d4 Nf6 2. c4 e6 3. c5 b6 4. b4 a5 5. Ba3 axb4 6. Bxb4 Nc6 7. a3 Nxb4 8. cxb6
cxb6 9. f3 Nfd5 10. Nd2 Ne3 0-1

[Event "AUTO-ELITE-1782"]
[Site "http://www.queenalice.com/game.php?id=1461321"]
[Date "2017.1.26"]
[Round "1"]
[White "zahe"]
[Black "mandaragit"]
[Result "1/2-1/2"]
[WhiteElo "2258"]
[BlackElo "2227"]

1. e4 e6 2. d4 d5 3. Nc3 Nf6 4. e5 Nfd7 5. f4 c5 6. Nf3 Nc6 7. Be3 cxd4 8. Nxd4
Bc5 9. Qd2 O-O 10. O-O-O a6 11. h4 Bxd4 12. Bxd4 b5 13. Rh3 b4 14. Na4 a5 15.
Bf2 Qc7 16. Kb1 Ba6 17. Bxa6 Rxa6 18. h5 Rc8 19. h6 g6 20. c4 Ne7 21. c5 Rc6 22.
Re1 Qa7 23. g4 Qa6 24. Bd4 Qb5 25. b3 R6c7 26. Qe2 Qxe2 27. Rxe2 Nc6 28. Bf2 Na7
29. Nb6 Rb8 30. Rd3 Nb5 31. Na4 Rbc8 32. g5 Nb8 33. Red2 Na6 34. Bg1 Kf8 35. Kb2
Ke7 36. Bf2 Rc6 37. Rd1 R8c7 38. Re1 Rb7 39. Be3 Rb8 40. Kc2 Na3+ 41. Kd2 Rb7
42. Rf1 Rbc7 43. Rd1 Nb5 44. Ke2 Na3 45. R1d2 Nb5 46. Rc2 Na3 47. Rcd2 Nb1 48.
Rc2 Na3 49. Rc1 Nb5 50. Kf3 Rb7 51. Rcd1 Rb8 52. Kg3 Rb7 53. Kg2 Rbc7 54. Kf3
Na3 55. Bf2 Nc2 56. Kg2 Na3 57. Kf3 Nb5 58. Kg2 Na3 59. Kf3 1/2-1/2

[Event "AUTO-ELITE-1782"]
[Site "http://www.queenalice.com/game.php?id=1461322"]
[Date "2017.1.26"]
[Round "1"]
[White "mandaragit"]
[Black "zahe"]
[Result "0-1"]
[WhiteElo "2315"]
[BlackElo "2245"]

1. d4 Nf6 2. c4 e6 3. Nf3 d5 4. Nc3 Bb4 5. e3 O-O 6. Bd3 c5 7. O-O cxd4 8. exd4
dxc4 9. Bxc4 b6 10. Bg5 Bb7 11. a3 Bxc3 12. bxc3 Nbd7 13. Qe2 Qc7 14. Rac1 Ng4
15. Ne5 Ngxe5 16. dxe5 Nxe5 17. Ba2 Rac8 18. Bb1 Qc6 19. f4 Qc5+ 20. Kh1 Nc4 21.
Qd3 g6 22. Qh3 Ne3 23. Rg1 Nxg2 24. Rxg2 Qxa3 25. Rg1 Rxc3 26. Qg4 Bf3 27. Qh4
Rc1 28. Bf6 Qe3 0-1

[Event "AUTO-ELITE-1782"]
[Site "http://www.queenalice.com/game.php?id=1461323"]
[Date "2017.1.26"]
[Round "1"]
[White "zahe"]
[Black "greggy"]
[Result "0-1"]
[WhiteElo "2259"]
[BlackElo "2719"]

1. e4 e6 2. d4 d5 3. Nd2 c5 4. Ngf3 cxd4 5. Nxd4 Nc6 6. Bb5 Bd7 7. Nxc6 Bxc6 8.
Bxc6+ bxc6 9. c4 Rc8 10. O-O Nf6 11. e5 Nd7 12. Nf3 Bc5 13. Qc2 Qc7 14. Re1 Be7
15. Bg5 Bxg5 16. Nxg5 h6 17. Nf3 O-O 18. Re3 dxc4 19. Qxc4 Nb6 20. Qe2 Rfd8 21.
Qc2 c5 22. Ree1 c4 23. Rac1 Nd5 24. Re4 c3 25. b4 a5 26. a3 Qb6 27. Qb3 Qb5 28.
Ne1 a4 29. Qb1 Nb6 30. Re3 Nc4 31. Rexc3 Nd2 32. Qd3 Rxd3 33. Rxc8+ Kh7 34. Nxd3
Qxd3 35. R8c3 Qe4 36. Kh1 Qxe5 37. R3c2 Nb3 38. Rd1 Nd4 39. Ra2 Nb5 40. Rad2 Qf4
41. Rd3 Qxf2 42. h3 e5 43. Rf3 Qa2 44. Rd7 f5 45. Re7 f4 46. Rd7 Nxa3 47. Rd1
Nc4 48. Rdf1 a3 49. R3f2 Qb3 50. b5 Qxb5 51. Rd1 Qb3 52. Ra1 Kg6 53. Re2 Kf5 54.
Rea2 e4 55. g4+ Ke5 56. Rg2 Qxh3+ 57. Rh2 Qf3+ 58. Kg1 Qxg4+ 59. Rg2 Qd7 60. Kh1
e3 61. Rc1 Nd2 62. Ra1 Nf3 0-1

[Event "AUTO-ELITE-1782"]
[Site "http://www.queenalice.com/game.php?id=1461324"]
[Date "2017.1.26"]
[Round "1"]
[White "greggy"]
[Black "zahe"]
[Result "1-0"]
[WhiteElo "2703"]
[BlackElo "2246"]

1. e4 c5 2. Nf3 d6 3. d4 cxd4 4. Nxd4 Nf6 5. Nc3 a6 6. h3 e6 7. Be2 Be7 8. O-O
O-O 9. Be3 Qc7 10. a4 Nbd7 11. g4 Ne5 12. g5 Nfd7 13. f4 Nc4 14. Bxc4 Qxc4 15.
f5 Kh8 16. Qh5 Ne5 17. f6 gxf6 18. gxf6 Rg8+ 19. Kh1 Bf8 20. Rf4 Ng6 21. Rg4 Bd7
22. Nf3 e5 23. Ng5 h6 24. Ne6 Bxe6 25. Bxh6 1-0

[Event "LoveChess vs zahe"]
[Site "http://www.queenalice.com/game.php?id=1487531"]
[Date "2017.7.26"]
[Round "-"]
[White "LoveChess"]
[Black "zahe"]
[Result "1-0"]
[WhiteElo "2883"]
[BlackElo "2256"]

1. d4 Nf6 2. c4 e6 3. Nc3 Bb4 4. e3 O-O 5. Bd3 d5 6. Nf3 c5 7. O-O Nc6 8. a3
Bxc3 9. bxc3 b6 10. cxd5 exd5 11. Ne5 Bb7 12. Nxc6 Bxc6 13. f3 Re8 14. a4 Re7
15. Re1 Rc8 16. a5 c4 17. Bf5 Bd7 18. Bc2 bxa5 19. e4 dxe4 20. Ba3 Re8 21. fxe4
Bc6 22. Qf3 a4 23. Qf5 Bd7 24. Qf4 Bc6 25. Re3 1-0

[Event "zahe vs LoveChess"]
[Site "http://www.queenalice.com/game.php?id=1487532"]
[Date "2017.7.26"]
[Round "-"]
[White "zahe"]
[Black "LoveChess"]
[Result "0-1"]
[WhiteElo "2257"]
[BlackElo "2886"]

1. e4 Nf6 2. e5 Nd5 3. d4 d6 4. Nf3 dxe5 5. Nxe5 c6 6. Bc4 Nd7 7. Nd3 N7f6 8. c3
Bf5 9. O-O e6 10. Re1 Bd6 11. Ne5 O-O 12. g4 Bxe5 13. gxf5 Bc7 14. fxe6 fxe6 15.
Nd2 h5 16. f3 Ng4 17. fxg4 Bxh2+ 18. Kxh2 Qh4+ 19. Kg1 Qg3+ 20. Kh1 Rf2 0-1

[Event "AUTO-ELITE-1955"]
[Site "http://www.queenalice.com/game.php?id=1519307"]
[Date "2018.3.11"]
[Round "1"]
[White "zahe"]
[Black "FabioDavid"]
[Result "0-1"]
[WhiteElo "2231"]
[BlackElo "2559"]

1. e4 e5 2. Nf3 Nc6 3. Bc4 Nf6 4. d3 h6 5. c3 d6 6. O-O Be7 7. Bb3 O-O 8. h3 Be6
9. Bc2 d5 10. Be3 dxe4 11. dxe4 Bc4 12. Qxd8 Rfxd8 13. Rc1 a5 14. Nbd2 Bd3 15.
Ba4 b5 16. Bc2 Bxc2 17. Rxc2 a4 18. a3 Nd7 19. c4 b4 20. Nf1 b3 21. Rcc1 Nc5 22.
Bxc5 Bxc5 23. Ng3 Nd4 24. Nxe5 Bd6 25. f4 Bxe5 26. fxe5 Re8 27. Rd1 c5 28. Nf5
Nxf5 29. exf5 Rxe5 30. Rd5 Re2 31. Rb1 Rae8 32. Rxc5 Rc2 33. Rd5 Ree2 34. g4
Rxb2 35. Rd8+ Kh7 36. Rxb2 Rxb2 37. Rb8 Rc2 38. Kf1 b2 39. Rb7 Rc1+ 40. Ke2 b1=Q
41. Rxb1 Rxb1 42. f6 gxf6 43. h4 Kg6 44. h5+ Kg5 45. Kd3 Kxg4 46. Kc3 f5 47. Kc2
Rb8 48. Kc3 f4 49. c5 f3 50. Kc4 f2 51. Kd5 f1=Q 52. c6 Qb5+ 0-1

[Event "AUTO-ELITE-1955"]
[Site "http://www.queenalice.com/game.php?id=1519308"]
[Date "2018.3.11"]
[Round "1"]
[White "FabioDavid"]
[Black "zahe"]
[Result "1-0"]
[WhiteElo "2557"]
[BlackElo "2233"]

1. b3 d5 2. Bb2 Nf6 3. e3 g6 4. Nf3 Bg7 5. c4 O-O 6. d4 c6 7. Be2 Bf5 8. O-O
Nbd7 9. Nc3 Ne4 10. Nxe4 Bxe4 11. Ng5 Nf6 12. Nxe4 Nxe4 13. f3 Nd6 14. cxd5 cxd5
15. Rc1 Qd7 16. Qd2 Bf6 17. Bd3 Rfc8 18. e4 dxe4 19. fxe4 Rxc1 20. Rxc1 Qg4 21.
Re1 Ne8 22. e5 Bh4 23. Rf1 Rb8 24. Bc4 e6 25. d5 Bg5 26. Qf2 Qf4 27. Qxf4 Bxf4
28. Rxf4 Ng7 29. dxe6 Nxe6 30. Bxe6 fxe6 31. Rc4 Rd8 32. Rd4 Rc8 33. Rd2 b6 34.
Kf2 Rc7 35. h4 Rc5 36. Bd4 Rd5 37. Ke3 Kf7 38. Ke4 Rd7 39. Rf2+ Ke8 40. Rf6 Ke7
41. Bc3 Rc7 42. Bb4+ Kd7 43. Bd6 Rc2 44. Rf7+ Kc8 45. Rxa7 h5 46. g3 b5 47. Rc7+
Rxc7 48. Bxc7 Kxc7 49. a4 bxa4 50. bxa4 Kb6 51. Kf4 Ka5 52. Kg5 Kxa4 53. Kf6 Kb5
54. Kxe6 Kb6 55. Kd7 Kc5 56. e6 Kd5 57. e7 1-0

[Event "AUTO-ELITE-1955"]
[Site "http://www.queenalice.com/game.php?id=1519309"]
[Date "2018.3.11"]
[Round "1"]
[White "zahe"]
[Black "gega"]
[Result "0-1"]
[WhiteElo "2244"]
[BlackElo "2280"]

1. e4 c5 2. Nf3 d6 3. d4 cxd4 4. Nxd4 Nf6 5. Nc3 a6 6. Bg5 e6 7. f4 h6 8. Bh4
Be7 9. Qf3 g5 10. fxg5 Nfd7 11. Nxe6 fxe6 12. Qh5+ Kf8 13. Bb5 Rh7 14. O-O+ Kg8
15. g6 Rg7 16. Rf7 Bxh4 17. Qxh6 Rxf7 18. gxf7+ Kxf7 19. Rf1+ Bf6 20. Qh7+ Kf8
21. Qh8+ Ke7 22. Nd5+ exd5 23. Qh7+ Kf8 24. Qh8+ Ke7 25. Qh7+ Kf8 26. Qh8+ Ke7
27. Qh3 Qb6+ 28. Rf2 axb5 29. Qh7+ Kd8 30. Qg8+ Kc7 31. Qxd5 Bd4 32. Qf7 Bxf2+
33. Qxf2 Rxa2 34. Qxb6+ Kxb6 35. b3 Rxc2 36. h4 Nf6 0-1

[Event "AUTO-ELITE-1955"]
[Site "http://www.queenalice.com/game.php?id=1519310"]
[Date "2018.3.11"]
[Round "1"]
[White "gega"]
[Black "zahe"]
[Result "1-0"]
[WhiteElo "2273"]
[BlackElo "2255"]

1. e4 c5 2. Nf3 d6 3. d4 Nf6 4. Nc3 cxd4 5. Nxd4 a6 6. Bg5 e6 7. f4 Be7 8. Qf3
Qc7 9. O-O-O Nbd7 10. g4 b5 11. Bxf6 Nxf6 12. g5 Ng4 13. h3 b4 14. Nce2 Ne5 15.
fxe5 Bxg5+ 16. Kb1 dxe5 17. Rg1 h6 18. h4 Bxh4 19. Rxg7 exd4 20. Nxd4 Rf8 21.
Bb5+ Ke7 22. Rf1 Bd7 23. Rxf7+ Rxf7 24. Qxf7+ Kd6 25. Rd1 Qb7 26. Nxe6+ Ke5 27.
Qf5# 1-0

[Event "AUTO-ELITE-2015"]
[Site "http://www.queenalice.com/game.php?id=1537292"]
[Date "2018.8.2"]
[Round "1"]
[White "zahe"]
[Black "preza"]
[Result "0-1"]
[WhiteElo "2228"]
[BlackElo "2300"]

1. e4 e5 2. Nc3 Nf6 3. Nf3 Nc6 4. Bc4 Nxe4 5. Nxe4 d5 6. Be2 dxe4 7. Ng1 Bc5 8.
Kf1 Nb4 9. c3 Nd3 10. Bxd3 Qxd3+ 11. Qe2 Be6 12. Qxd3 exd3 13. Nf3 f6 14. h4 h5
15. b4 Bb6 16. Bb2 a5 17. a3 Kf7 18. Re1 axb4 19. cxb4 Rhd8 20. Kg1 Ra4 21. Kf1
c5 22. bxc5 Bxc5 23. Rb1 Bd5 24. Ne1 Bxa3 25. Bxa3 Rxa3 26. Rh3 Ra2 27. Rd1 b5
28. Re3 b4 29. Kg1 e4 30. f3 b3 31. fxe4 Bc4 32. Kf2 Rc2 33. Nf3 b2 34. Ree1 Ba2
35. Ke3 Rc4 36. Rf1 Ke6 37. Rg1 Rb4 38. g4 hxg4 39. Rxg4 Rd7 40. h5 b1=Q 41.
Rxb1 Bxb1 42. h6 gxh6 43. Rg6 Rh7 44. e5 Rf7 45. Rxh6 Kd5 46. exf6 Re4+ 47. Kf2
Re6 48. Rh5+ Kd6 49. Rf5 Rexf6 50. Rxf6+ Rxf6 51. Ke3 Kd5 52. Nd4 Rb6 53. Nf5
Re6+ 54. Kf3 Re2 55. Ne3+ Ke6 56. Nf1 Ba2 57. Kf4 Rf2+ 58. Ke3 Rxf1 59. Kxd3 Kd5
60. Ke3 Rf5 61. Kd3 Rf3+ 62. Ke2 Ke4 63. d3+ Rxd3 64. Kf2 Bf7 65. Ke2 Bh5+ 66.
Kf2 Kf4 67. Kg2 Rd2+ 68. Kf1 Kg3 69. Ke1 Rd1# 0-1

[Event "AUTO-ELITE-2015"]
[Site "http://www.queenalice.com/game.php?id=1537293"]
[Date "2018.8.2"]
[Round "1"]
[White "preza"]
[Black "zahe"]
[Result "1-0"]
[WhiteElo "2306"]
[BlackElo "2218"]

1. e4 c5 2. Nc3 Nc6 3. g3 Nf6 4. Bg2 d6 5. Nf3 Bg4 6. h3 Bxf3 7. Bxf3 e6 8. O-O
Be7 9. d3 O-O 10. Be3 Nd4 11. Bg2 Qb6 12. Rb1 Nd7 13. f4 a5 14. f5 Ne5 15. Ne2
exf5 16. exf5 Nxe2+ 17. Qxe2 Bf6 18. c3 Qa6 19. Rbd1 Rfe8 20. Be4 Nc4 21. Bxc5
Nxb2 22. Qxb2 dxc5 23. Bxb7 Rab8 24. Bxa6 Rxb2 25. Rb1 Rxa2 26. Bc4 Rae2 27. Rb7
R2e7 28. Rfb1 g6 29. Rxe7 Rxe7 30. fxg6 hxg6 31. Rb3 Ra7 32. Kf2 Be5 33. Kg2 a4
34. Ra3 Bd6 35. Kf3 Ra5 36. g4 Bc7 37. Ke4 Kg7 38. h4 Bg3 39. h5 Bd6 40. hxg6
Kxg6 41. Kd5 Be7 42. Kc6 Kg5 43. Kb6 Bd8+ 44. Kc6 Be7 45. Bxf7 c4 46. Ra1 cxd3
47. Rd1 Rc5+ 48. Kd7 Bf6 49. Rxd3 Rxc3 50. Rd6 a3 51. Be6 Be5 52. Ra6 Rd3+ 53.
Ke7 Bc3 54. Rb6 Re3 55. Kd6 Rd3+ 56. Ke7 Re3 57. Kd6 Rd3+ 58. Ke7 a2 59. Bxa2
Kxg4 60. Ke6 Kf4 61. Rb8 Kg4 62. Bb1 Rd1 63. Rb3 Bg7 64. Bf5+ Kf4 65. Rb4+ Bd4
66. Kd5 Kxf5 67. Rxd4 Re1 68. Rh4 Re4 69. Rxe4 Kf6 70. Re5 Kf7 71. Kd6 Kf6 72.
Rb5 Kf7 73. Re5 Kf6 74. Rb5 Kf7 75. Re5 Kg7 76. Ke7 Kg6 77. Ke6 Kh7 78. Kf6 Kh6
79. Kf7 Kh7 80. Rh5# 1-0

[Event "AUTO-ELITE-2015"]
[Site "http://www.queenalice.com/game.php?id=1537294"]
[Date "2018.8.2"]
[Round "1"]
[White "zahe"]
[Black "hune"]
[Result "1-0"]
[WhiteElo "2229"]
[BlackElo "2236"]

1. e3 Nf6 2. Nc3 Nc6 3. Nf3 d5 4. d4 h5 5. Bb5 Bd7 6. O-O h4 7. Qe2 h3 8. g3 Bg4
9. a4 Rb8 10. e4 Rh5 11. exd5 Nxd5 12. Qe4 Nf6 13. Bxc6+ bxc6 14. Qxc6+ Bd7 15.
Qa6 Ra8 16. Ne5 e6 17. Re1 Bd6 18. g4 Bxe5 19. gxh5 Bxd4 20. Qc4 c5 21. h6 gxh6
22. Be3 Rb8 23. Bxd4 cxd4 24. Qxd4 Rxb2 25. Rad1 a5 26. Ne4 Nxe4 27. Rxe4 Rb4
28. Qh8+ Ke7 29. Qxd8+ Kxd8 30. Rxb4 axb4 31. a5 Kc7 32. Rd4 b3 33. cxb3 Bb5 34.
Rf4 f5 35. Rh4 Kb7 36. b4 Kc6 37. Rxh3 Kd5 38. Rxh6 Bd3 39. Rh8 Be2 40. Rb8 Kc6
41. Rb6+ Kc7 42. Rxe6 Bc4 43. Rf6 f4 44. h4 Be2 45. Rxf4 Bh5 46. b5 Kb8 47. Re4
Bf3 48. Re7 Kc8 49. a6 Kd8 50. Re3 Bd5 51. Rd3 Kc7 52. Rxd5 1-0

[Event "AUTO-ELITE-2015"]
[Site "http://www.queenalice.com/game.php?id=1537295"]
[Date "2018.8.2"]
[Round "1"]
[White "hune"]
[Black "zahe"]
[Result "1-0"]
[WhiteElo "2224"]
[BlackElo "2241"]

1. e4 c5 2. Nc3 Nc6 3. Nf3 e5 4. Bc4 Be7 5. O-O d6 6. d3 Nf6 7. a3 O-O 8. Re1
Bd7 9. Bg5 a6 10. Rb1 Nd4 11. h3 Be6 12. b4 Bxc4 13. dxc4 cxb4 14. axb4 Nxf3+
15. Qxf3 Rc8 16. Qd3 Nh5 17. Be3 Re8 18. Nd5 Bg5 19. Qf1 Bxe3 20. Nxe3 Qc7 21.
Red1 Re6 22. Rb3 Qc6 23. Nf5 Kh8 24. Rbd3 Rf8 25. Rxd6 Rxd6 26. Nxd6 Kg8 27. c5
Nf4 28. g3 Ne6 29. Qc4 Qc7 30. c3 Ng5 31. h4 Ne6 32. Qd5 b6 33. cxb6 Qxb6 34.
Qxe5 Rd8 35. Kg2 h6 36. Nc4 Qb8 37. Qxb8 Rxb8 38. Ne3 Nc7 39. Nd5 Nb5 40. Ra1
Nd6 41. f3 Ra8 42. Nb6 Rd8 43. c4 Kh7 44. Rxa6 Nb7 45. Nd5 Rc8 46. c5 Nd8 47.
Ra7 Nc6 48. Rxf7 Rb8 49. h5 Nd4 50. b5 Kg8 51. Rd7 Nxb5 52. c6 Ra8 53. c7 Ra2+
54. Kh3 Nxc7 55. Rxc7 Ra1 56. Kg4 Kf8 57. e5 Ra8 58. e6 Rb8 59. Rd7 Ra8 60. Nc7
Ra4+ 61. Kh3 Kg8 62. e7 Kh7 63. Rd8 Rd4 64. Rxd4 g5 65. e8=Q g4+ 66. Kh4 Kg7 67.
Rxg4+ Kf6 68. Qe6# 1-0

[Event "AUTO-ELITE-2134"]
[Site "http://www.queenalice.com/game.php?id=1576689"]
[Date "2019.7.8"]
[Round "1"]
[White "BEBADO"]
[Black "zahe"]
[Result "1-0"]
[WhiteElo "2237"]
[BlackElo "2207"]

1. e4 c5 2. Nf3 d6 3. d4 cxd4 4. Nxd4 Nf6 5. Nc3 a6 6. Bg5 e6 7. f4 Qb6 8. Qd2
Nc6 9. O-O-O Nxd4 10. Qxd4 Qxd4 11. Rxd4 Bd7 12. Bc4 1-0

[Event "AUTO-ELITE-2134"]
[Site "http://www.queenalice.com/game.php?id=1576690"]
[Date "2019.7.8"]
[Round "1"]
[White "zahe"]
[Black "BEBADO"]
[Result "0-1"]
[WhiteElo "2196"]
[BlackElo "2248"]

1. e4 c5 2. Nf3 e6 3. d4 cxd4 4. Nxd4 Nf6 5. Nc3 d6 6. Be3 a6 7. f3 b5 8. Qd2
Nbd7 9. a3 Bb7 10. O-O-O Rc8 11. Kb1 Ne5 12. h4 h5 0-1

[Event "AUTO-ELITE-2134"]
[Site "http://www.queenalice.com/game.php?id=1576695"]
[Date "2019.7.8"]
[Round "1"]
[White "ArmandoFerreira"]
[Black "zahe"]
[Result "1-0"]
[WhiteElo "2616"]
[BlackElo "2208"]

1. d4 d5 2. c4 c6 3. Nf3 Nf6 4. cxd5 cxd5 5. Nc3 Nc6 6. Bf4 a6 7. Qb3 e6 8. Rc1
Be7 9. e3 Nh5 10. Be5 O-O 11. Bd3 f6 12. Bg3 1-0

[Event "AUTO-ELITE-2134"]
[Site "http://www.queenalice.com/game.php?id=1576696"]
[Date "2019.7.8"]
[Round "1"]
[White "zahe"]
[Black "ArmandoFerreira"]
[Result "0-1"]
[WhiteElo "2209"]
[BlackElo "2615"]

1. e4 c5 2. d4 cxd4 3. Nf3 e5 4. c3 Nc6 5. Bc4 Nf6 6. Ng5 d5 7. exd5 Na5 8. Bb5+
Bd7 9. Qe2 Bd6 10. b4 h6 11. Bxd7+ Qxd7 12. Nh3 e4 0-1